| 000 | 00504cam a2200181ua 4500 | ||
|---|---|---|---|
| 020 |
_a81-203-1685-1 _cRs 150.00 |
||
| 041 |
_aeng _h |
||
| 082 |
_a004.65 _bAID/TE |
||
| 100 | _aAidarous, Salah . | ||
| 245 | 0 | 0 |
_aTelecommunications network management / _cSalah Aidarous. _hTextual Documents |
| 260 |
_aNew Delhi : _bPrentice Hall of India Pvt Ltd. , _c2000. |
||
| 300 | _a317 ; . | ||
| 365 | _aRs 150.00 | ||
| 504 | _a | ||
| 700 | 1 | _aPlevyak, Thomas . | |
| 942 | _cBK | ||
| 999 |
_c544 _d544 |
||